Continuous integration and delivery with test driven development : (Record no. 14786)

MARC details
000 -LEADER
fixed length control field 00880 a2200241 4500
001 - CONTROL NUMBER
control field TB12290
003 - CONTROL NUMBER IDENTIFIER
control field IN-BhIIT
005 - DATE AND TIME OF LATEST TRANSACTION
control field 20250328111133.0
008 - FIXED-LENGTH DATA ELEMENTS--GENERAL INFORMATION
fixed length control field 250328b |||||||| |||| 00| 0 eng d
020 ## - INTERNATIONAL STANDARD BOOK NUMBER
ISBN 9789355519726 (pbk.)
040 ## - CATALOGING SOURCE
Original cataloging agency IN-BhIIT
041 ## - LANGUAGE CODE
Language code of text eng
082 ## - DEWEY DECIMAL CLASSIFICATION NUMBER
Classification number 005.1
Book number BHA/C
100 ## - MAIN ENTRY--AUTHOR NAME
Personal name Bhanushali, Amit
Relator term Author
245 ## - TITLE STATEMENT
Title Continuous integration and delivery with test driven development :
Sub Title cultivating quality, speed, and collaboration through automated pipelines /
Statement of responsibility, etc by Amit Bhanushali, Alekhya Achanta, Beena Bhanushali
260 ## - PUBLICATION, DISTRIBUTION, ETC. (IMPRINT)
Place of publication New Delhi :
Name of publisher BPB Publications,
Year of publication 2024.
300 ## - PHYSICAL DESCRIPTION
Number of Pages xxiii, 214 p. :
Other physical details(ill.) ill. ;
Dimensions(size) 24 cm
504 ## - BIBLIOGRAPHY, ETC. NOTE
Bibliography, etc Includes bibliographical references and index.
650 ## - SUBJECT ADDED ENTRY--TOPICAL TERM
Topical Term Programming
700 ## - ADDED ENTRY--PERSONAL NAME
Personal name Achanta, Alekhya
Relator term Joint author
Personal name Bhanushali, Beena
Relator term Joint author
942 ## - ADDED ENTRY ELEMENTS (KOHA)
Koha item type Text Book
Holdings
Withdrawn status Lost status Damaged status Not for loan Collection code Home library Current library Date acquired Source of acquisition Cost, normal purchase price Full call number Accession Number Cost, replacement price Price effective from Koha item type
Not withdrawn Not Lost not damaged   SMS Central Library, IIT Bhubaneswar Central Library, IIT Bhubaneswar 10/02/2025 31 524.25 005.1 BHA/C TB12290 699.00 10/02/2025 Text Book

Central Library, Indian Institute of Technology Bhubaneswar, 4th Floor, Administrative Building, Argul, Khordha, PIN-752050, Odisha, India
Phone: +91-674-7138750 | Email: circulation.library@iitbbs.ac.in (For circulation related queries),
Email: info.library@iitbbs.ac.in (For other queries)